00828 2200301 4500001002100000005001500021035002500036008004100061020001800102082001800120090002200138090002100160100003000181245004900211260003000260300004300290650003700333850001800370980001300388985000600401999002100407007000300428040002200431084001800453990002100471990001300492990002100505YOGYA-0209000005674420221219104525 a0010-020900000056744090227s2004 yoia g ind u a979-731-341-7042[23]a005.133 aDEP 005.133 PHI s aCB-D.11 2004-2281 aPhilippus, Erwinepenulis10a12 game dengan Javascript /cErwin Philippus31aYogyakarta :bANDI,c2004 avii, 166 halaman :bilustrasi ;c21 cm 4aJava script (Bahasa pemrograman) aYOPDDIY (DEP) a07-07-05 a1 aCB-D.11/2004-228ta aYOPDYOGbinderda a005.133 PHI s aCB-D.11/2004-228 a2004-228 aCB-D.11/2004-228